Statistiken für Die elf Farben

Klicken Sie hier um das Quiz zu spielen!

Allgemein

  • Dieses Quiz wurde 6,644 mal gespielt
    (6,540 seit der letzten Aktualisierung)
  • Das Durchschnittsergebnis liegt bei 10 aus 11

Antwortstatistiken

Farbe % Korrekt
Blau
99%
Gelb
99%
Grün
99%
Rot
99%
Schwarz
95%
Weiß
94%
Lila
89%
Orange
89%
Pink
88%
Braun
76%
Grau
67%

Verteilung der Resultate

Perzentil nach korrekt beantworteten Fragen

Anzahl Personen mit jedem Resultat

Ihre Resultats-Entwicklung

Sie haben dieses Quiz seit der letzten Aktualisierung nicht gespielt